Truyện cổ tích người Việt Q.3
v.v...
Đã lưu trong:
| Tác giả chính: | |
|---|---|
| Định dạng: | Sách |
| Năm xuất bản: |
H.
Khoa học xã hội
2014
|
| Chủ đề: | |
| Tags: |
Thêm thẻ
Không có thẻ, Hãy là người đầu tiên gắn thẻ bản ghi này!
|
| LEADER | 00570nam a2200157 4500 | ||
|---|---|---|---|
| 082 | |a 398.209597 |b NG527TH | ||
| 100 | |a Nguyễn Thị Huế | ||
| 245 | |a Truyện cổ tích người Việt |c Nguyễn Thị Huế |n Q.3 | ||
| 260 | |a H. |b Khoa học xã hội |c 2014 | ||
| 300 | |a 399 tr. |c 21 cm | ||
| 520 | |a v.v... | ||
| 653 | |a Truyện cổ tích Việt Nam | ||
| 653 | |a Văn học dân gian | ||
| 942 | |2 ddc |c SH | ||
| 999 | |c 8170 |d 8170 | ||
| 952 | |0 0 |1 0 |2 ddc |4 0 |6 398_209597000000000_NG527TH |7 0 |8 300 |9 69267 |a qbu |b qbu |c D2 |d 2015-04-03 |o 398.209597 NG527TH |p 7720.c1 |r 0000-00-00 |w 2015-04-03 |y SH | ||